Diccionario jurídico Espasa

Salvato in:
Dettagli Bibliografici
Natura: Libro
Lingua:spagnolo
Pubblicazione: Madrid Espasa Calpe 2006
Serie:Diccionarios Espasa
Soggetti:
Tags: Aggiungi Tag
Nessun Tag, puoi essere il primo ad aggiungerne!!

MARC

LEADER 00000nam a2200000 a 4500
001 UCI9990
003 CL-VaPUC
008 090108e20060000SP |||||||||||||||||spa|d
020 |a 8423994619 
082 0 4 |a 340.03  |b DIC  |2 21 
245 1 0 |a Diccionario jurídico Espasa 
300 |a 1449 p 
942 |c BK 
945 |d 20090108 00:00:00  |a rbrito 
260 |a Madrid  |b Espasa Calpe  |c 2006 
500 |a Incluye CD 
650 7 |a DERECHO DICCIONARIOS  |2 CL-VaPUC  |9 325969 
583 |a last modification  |c 20090108 00:00:00  |k Rodrigo Vera 
490 0 |a Diccionarios Espasa 
999 |c 332413  |d 332411